000
00201 a2200097 4500
001
3015
100
_a
Perzada, S.S.
245
_a
Foundation of Pakistan
260
_a
_b
N.P.A.
_c
090
_c
2300
_d
2300
942
_a
NUST-CAE
_c
M
_c
14448
999
_c
238088
_d
238088